00701nam a2200181 i 4500001000400000100003500004245012200039260005500161300002600216490004100242650002800283830003800311020001500349040000800364041000800372008004100380856009800421bgj1 aKANTZENBACH, Friedrich Wilhelm10aChristentum begreifen :bChancen und Bedingungen neuzetlicher Christentumgeschichte /cFriedrich Wilhelm Kantzenbach. aSankt Ingbert :bWerner J. Röhrig Verlag,c1987. a671, [1] S. ;c21 cm.1 aSaarbrücker Hohschulschriften ;v2 9aChristentumxGeschichte aSaarbrücker Hohschulschriften ; a3924555133 cBPK0 ager s gw f |000 0 ger  uhttp://koha.tu.koszalin.pl/cgi-bin/koha/opac-detail.pl?biblionumber=50661yKatalog online BPK